Grupy językowe w Europie - Statystyki

Ogólne statystyki
  • Ten quiz został rozwiązany 49 razy
  • Średni wynik to 4 z 12
Statystyki odpowiedzi
Państwo Grupa językowa % Poprawnych
Macedonia Północna Słowiańskie
91%
Norwegia Germańskie
84%
Łotwa Bałtyckie
57%
Estonia Uralskie
39%
Albania Albańskie
36%
Turcja Tureckie
36%
Grecja Helleńskie
34%
Portugalia Łacińskie
25%
Armenia Armeńskie
14%
Iran Indo - irańskie
11%
Liban Semickie
11%
Azerbejdżan Kaltweskie
2%
Nie znaleziono quizów pasujących do podanych kryteriów
Rozkład punktacji
Procent ludzi z każdym wynikiem
Percentyl według liczby udzielonych odpowiedzi
Twoja historia wyników
Nie rozwiązałeś tego quizu